Statistics for Presidents of finland: from the first to ->

Click here to take the quiz!

General Stats

  • This quiz has been taken 88 times
  • The average score is 8 of 12

Answer Stats

PeriodAnswer% Correct
2012-Sauli Väinämö Niinistö
84%
2000-2012Tarja Kaarina Halonen
83%
1956-1982Urho Kaleva Kekkonen
83%
1944-1946Carl Gustaf Emil Mannerheim
78%
1940-1944Risto Heikki Ryti
73%
1919-1925Kaarlo Juho Ståhlberg
71%
1982-1994Mauno Henrik Koivisto
63%
1937-1940Kyösti Kallio
62%
1994-2000Martti Oiva Kalevi Ahtisaari
60%
1925-1931Lauri Kristian Relander
52%
1946-1956Juho Kusti Paasikivi
48%
1931-1937Pehr Evind Svinhufvud
48%

Score Distribution

Percentile by Number Answered

Percent of People with Each Score

Your Score History

You have not taken this quiz